00361 a2200157 4500003000500000005001700005020001500022040000900037082001200046100001900058245005000077260002500127300001500152538002800167650000800195Nust20170207153948.0 a067222660x cNust a005.133 aLafore, Robert aC programming using turbo C++cRobert Lafore aNew YorkbSAMSc1990 axxi, 792p. aAlmirah No 6 Shelf No 1 aC++